| 000 -LEADER |
| fixed length control field |
03766cam a22008897 4500 |
| 001 - CONTROL NUMBER |
| control field |
4583745 |
| 003 - CONTROL NUMBER IDENTIFIER |
| control field |
LIBRIS |
| 005 - DATE AND TIME OF LATEST TRANSACTION |
| control field |
20241030085423.0 |
| 008 - FIXED-LENGTH DATA ELEMENTS--GENERAL INFORMATION |
| fixed length control field |
011211s1999 xxu|||||||||||001 0|eng|c |
| 020 ## - INTERNATIONAL STANDARD BOOK NUMBER |
| International Standard Book Number |
0151003696 |
| Qualifying information |
inb. |
| 020 ## - INTERNATIONAL STANDARD BOOK NUMBER |
| International Standard Book Number |
0434007730 |
| Qualifying information |
Harcourt Brace |
| 020 ## - INTERNATIONAL STANDARD BOOK NUMBER |
| International Standard Book Number |
9780156010757 |
| Qualifying information |
Harvest, Harcourt Inc., pb. |
| 020 ## - INTERNATIONAL STANDARD BOOK NUMBER |
| International Standard Book Number |
0156010755 |
| Qualifying information |
Heinemann, pb. |
| 040 ## - CATALOGING SOURCE |
| Original cataloging agency |
G |
| Transcribing agency |
DLC |
| 041 ## - LANGUAGE CODE |
| Language code of text/sound track or separate title |
eng |
| 080 ## - UNIVERSAL DECIMAL CLASSIFICATION NUMBER |
| Universal Decimal Classification number |
1 |
| Item number |
D-17 |
| 082 04 - DEWEY DECIMAL CLASSIFICATION NUMBER |
| Classification number |
153 |
| Edition number |
21 |
| 082 04 - DEWEY DECIMAL CLASSIFICATION NUMBER |
| Classification number |
153 |
| Edition number |
21 |
| 084 ## - OTHER CLASSIFICATION NUMBER |
| Classification number |
Doe |
| Number source |
kssb/6 |
| 084 ## - OTHER CLASSIFICATION NUMBER |
| Classification number |
Doe |
| Number source |
kssb/6 |
| 100 1# - MAIN ENTRY--PERSONAL NAME |
| Personal name |
Damasio, Antonio R. |
| Relationship |
aut |
| Authority record control number or standard number |
https://libris.kb.se/hftwzgz12d2dk2s#it |
| 245 14 - TITLE STATEMENT |
| Title |
The feeling of what happens : |
| Remainder of title |
body and emotion in the making of consciousness / |
| Statement of responsibility, etc. |
Antonio Damasio. |
| 250 ## - EDITION STATEMENT |
| Edition statement |
1. ed. |
| 260 ## - PUBLICATION, DISTRIBUTION, ETC. |
| Place of publication, distribution, etc. |
New York, N.Y. |
| Name of publisher, distributor, etc. |
Harcourt Brace ; |
| Date of publication, distribution, etc. |
1999 |
| 264 #1 - PRODUCTION, PUBLICATION, DISTRIBUTION, MANUFACTURE, AND COPYRIGHT NOTICE |
| Place of production, publication, distribution, manufacture |
London : |
| Name of producer, publisher, distributor, manufacturer |
Heinemann, |
| 300 ## - PHYSICAL DESCRIPTION |
| Extent |
386 s. |
| 365 ## - TRADE PRICE |
| Price amount |
28 usd |
| 500 ## - GENERAL NOTE |
| General note |
First Harvest ed., 2000 |
| 650 #7 - SUBJECT ADDED ENTRY--TOPICAL TERM |
| Topical term or geographic name entry element |
Kognitiv psykologi |
| Authority record control number or standard number |
https://id.kb.se/term/sao/Kognitiv%20psykologi |
| Source of heading or term |
sao |
| 650 #7 - SUBJECT ADDED ENTRY--TOPICAL TERM |
| Topical term or geographic name entry element |
Medvetandet |
| Authority record control number or standard number |
https://id.kb.se/term/sao/Medvetandet |
| Source of heading or term |
sao |
| 650 #0 - SUBJECT ADDED ENTRY--TOPICAL TERM |
| Topical term or geographic name entry element |
Consciousness |
| General subdivision |
Physiological aspects |
| 650 #0 - SUBJECT ADDED ENTRY--TOPICAL TERM |
| Topical term or geographic name entry element |
Emotions |
| General subdivision |
Physiological aspects |
| 650 #2 - SUBJECT ADDED ENTRY--TOPICAL TERM |
| Topical term or geographic name entry element |
Consciousness |
| 650 #2 - SUBJECT ADDED ENTRY--TOPICAL TERM |
| Topical term or geographic name entry element |
Emotions |
| 650 #2 - SUBJECT ADDED ENTRY--TOPICAL TERM |
| Topical term or geographic name entry element |
Psychophysiology |
| 650 #0 - SUBJECT ADDED ENTRY--TOPICAL TERM |
| Topical term or geographic name entry element |
Awareness |
| 650 #0 - SUBJECT ADDED ENTRY--TOPICAL TERM |
| Topical term or geographic name entry element |
Consciousness |
| 650 #0 - SUBJECT ADDED ENTRY--TOPICAL TERM |
| Topical term or geographic name entry element |
Cognitive psychology |
| 650 #2 - SUBJECT ADDED ENTRY--TOPICAL TERM |
| Topical term or geographic name entry element |
Consciousness |
| 650 #2 - SUBJECT ADDED ENTRY--TOPICAL TERM |
| Topical term or geographic name entry element |
Emotions |
| 650 #2 - SUBJECT ADDED ENTRY--TOPICAL TERM |
| Topical term or geographic name entry element |
Psychophysiology |
| 653 ## - INDEX TERM--UNCONTROLLED |
| Uncontrolled term |
ფსიქოლოგია |
| 653 ## - INDEX TERM--UNCONTROLLED |
| Uncontrolled term |
კოგნიტური ფსიქოლოგია |
| 653 ## - INDEX TERM--UNCONTROLLED |
| Uncontrolled term |
ცნობიერება |
| 653 ## - INDEX TERM--UNCONTROLLED |
| Uncontrolled term |
ემოციები |
| 653 ## - INDEX TERM--UNCONTROLLED |
| Uncontrolled term |
ფსიქოფიზიოლოგია |
| 887 ## - NON-MARC INFORMATION FIELD |
| Content of non-MARC field |
{"@id":"5ng7s8jh4sb7b79","modified":"2018-03-20T09:42:30+01:00","checksum":"211535928177"} |
| Source of data |
librisxl |
| 887 ## - NON-MARC INFORMATION FIELD |
| Content of non-MARC field |
{"@id":"049wjnc530qp98s","modified":"2018-06-05T17:27:42.766+02:00","checksum":"63970642871"} |
| Source of data |
librisxl |
| 887 ## - NON-MARC INFORMATION FIELD |
| Content of non-MARC field |
{"@id":"15bxkpd60l8g9g6","modified":"2018-06-05T17:27:42.769+02:00","checksum":"44758073321"} |
| Source of data |
librisxl |
| 887 ## - NON-MARC INFORMATION FIELD |
| Content of non-MARC field |
{"@id":"6bh3qvkc3ld9dmv","modified":"2018-11-29T12:10:19.955+01:00","checksum":"44163363822"} |
| Source of data |
librisxl |
| 887 ## - NON-MARC INFORMATION FIELD |
| Content of non-MARC field |
{"@id":"26czlqf72hktjj0","modified":"2019-01-31T13:39:45.936+01:00","checksum":"44778974520"} |
| Source of data |
librisxl |
| 887 ## - NON-MARC INFORMATION FIELD |
| Content of non-MARC field |
{"@id":"kpvkc02q1rv8l4d","modified":"2016-03-16T11:26:23+01:00","checksum":"47061204535"} |
| Source of data |
librisxl |
| 887 ## - NON-MARC INFORMATION FIELD |
| Content of non-MARC field |
{"@id":"x7tb3x44vjpht46v","modified":"2019-11-20T14:35:31.478+01:00","checksum":"49861967499"} |
| Source of data |
librisxl |
| 887 ## - NON-MARC INFORMATION FIELD |
| Content of non-MARC field |
{"@id":"bgnnls7h1rqpqx1","modified":"2008-12-15T11:54:36+01:00","checksum":"54638302272"} |
| Source of data |
librisxl |
| 887 ## - NON-MARC INFORMATION FIELD |
| Content of non-MARC field |
{"@id":"jntjz1bp32b8nw7","modified":"2017-01-16T09:03:55+01:00","checksum":"35464687246"} |
| Source of data |
librisxl |
| 887 ## - NON-MARC INFORMATION FIELD |
| Content of non-MARC field |
{"@id":"7cj4rwld02rsqzs","modified":"2017-03-13T11:21:42+01:00","checksum":"46734659867"} |
| Source of data |
librisxl |
| 942 ## - ADDED ENTRY ELEMENTS (KOHA) |
| Source of classification or shelving scheme |
|
| Koha item type |
Books |
| Edition |
1 |